Statistics for England Football Captains 1960-Present

Click here to take the quiz!

General Stats

  • This quiz has been taken 80 times
  • The average score is 25 of 57

Answer Stats

Answer (Caps as Captain)% Correct
Steven Gerrard (38)
97%
Harry Kane (42)
93%
Bobby Moore (90)
92%
Frank Lampard (8)
92%
David Beckham (59)
87%
Bobby Charlton (3)
85%
Gary Lineker (18)
82%
John Terry (34)
82%
Wayne Rooney (23)
82%
Alan Shearer (34)
80%
Ashley Cole (1)
77%
Harry Maguire (1)
74%
Rio Ferdinand (7)
74%
David Seaman (1)
70%
Michael Owen (8)
69%
Peter Shilton (15)
67%
Tony Adams (15)
67%
Colin Bell (1)
64%
Bryan Robson (65)
62%
Jordan Henderson (8)
62%
Mark Wright (1)
56%
Sol Campbell (3)
54%
Raheem Sterling (2)
52%
Joe Hart (2)
51%
Kevin Keegan (31)
49%
Paul Ince (7)
44%
David Platt (19)
41%
Martin Peters (4)
39%
Stuart Pearce (10)
39%
Emlyn Hughes (23)
38%
Terry Butcher (7)
36%
Marcus Rashford (1)
34%
Alan Ball (6)
31%
Kieran Trippier (2)
30%
Martin Keown (1)
30%
Ray Clemence (1)
30%
Gary Cahill (5)
28%
Mick Mills (8)
28%
Peter Beardsley (1)
28%
James Milner (1)
26%
Scott Parker (1)
26%
Ray Wilkins (10)
25%
Eric Dier (5)
20%
Gareth Barry (1)
20%
Gerry Francis (8)
20%
Alan Mullery (1)
18%
Phil Thomson (6)
18%
Phil Jagielka (1)
16%
Phil Neal (1)
16%
Mick Channon (2)
10%
Jimmy Armfield (15)
8%
Ron Flowers (3)
8%
Chris Smalling (1)
7%
Johnny Haynes (22)
5%
Trevor Cherry (1)
5%
Fabian Delph (1)
2%
Ronnie Clayton (5)
0%

Score Distribution

Percentile by Number Answered

Percent of People with Each Score

Your Score History

You have not taken this quiz